00452 2200181 4500245006600000020002200066250001100088100001900099700001800118650001400136650001100150005001900161260003400180041001400214084001100228300002200239336000900261 aJadilah Wirausahawan yang Peduli SosialcJendri MulyadihText a978-602-95734-3-5 aCet. 1 aJendri Mulyadi aTim Semiotika aWirausaha aSosial a20230302143032 aBandungbAlfarisi Putrac2013 aIndonesia a338.04 a84 hlm. :c21 cm. atext